| 000 | 00744nam a2200241 a 4500 | ||
|---|---|---|---|
| 001 | BRL_506 | ||
| 005 | 20190320210756.0 | ||
| 008 | 230813s1947----nyua######---#000-0#eng-# | ||
| 041 | _aeng | ||
| 044 | _anyu | ||
| 050 | 4 |
_aF1219.1.M55 _b.K45 1947 |
|
| 100 | 1 |
_aKelly, Isabel Truesdell _d1906- _924130 |
|
| 245 | 1 | 0 |
_aExcavations at Apatzingan, Michoacan _cIsabel Kelly. |
| 260 |
_aNew York _bViking Fund _c1947 |
||
| 300 |
_a227 p., 24 laminas _bil. _c26 cm. |
||
| 440 | 0 |
_aViking fund publications in anthropology _nno.7 _924131 |
|
| 500 | _aAu541 | ||
| 500 | _aBibliografía: p. 219-221. | ||
| 650 | 1 | 4 |
_aIndígenas de México _xAntigüedades _9509 |
| 651 | 4 |
_aApatzingaìn, México _xAntigüedades _924132 |
|
| 902 | _aGRL | ||
| 942 |
_2lcc _cB |
||
| 999 |
_c9318 _d9318 |
||